|
|
|
|
| LEADER |
00000nam0a2200000 4500 |
| 001 |
285511 |
| 005 |
20231101235812.0 |
| 035 |
|
|
|a (RuTPU)RU\TPU\book\309753
|
| 035 |
|
|
|a RU\TPU\book\309751
|
| 090 |
|
|
|a 285511
|
| 100 |
|
|
|a 20150225d1984 k y0rusy5003 ca
|
| 101 |
0 |
|
|a rus
|
| 102 |
|
|
|a RU
|
| 105 |
|
|
|a y z 001zy
|
| 200 |
1 |
|
|a Алгоритмическое и программное обеспечение проблемно-ориентированных вычислительных комплексов
|e сборник научных трудов
|f Ленинградский электротехнический институт (ЛЭТИ) ; под ред. А. В. Башарина
|
| 210 |
|
|
|a Ленинград
|c Изд-во ЛЭТИ
|d 1984
|
| 215 |
|
|
|a 88 с.
|c ил.
|
| 225 |
1 |
|
|a Известия Ленинградского электротехнического института (ЛЭТИ)
|v Вып. 346
|
| 320 |
|
|
|a Библиогр. в конце статей
|
| 606 |
1 |
|
|a Вычислительные системы проблемно-ориентированные
|2 stltpush
|3 (RuTPU)RU\TPU\subj\4402
|9 32681
|
| 610 |
1 |
|
|a вычислительная техника
|
| 610 |
1 |
|
|a алгоритмическое обеспечение
|
| 610 |
1 |
|
|a программное обеспечение
|
| 610 |
1 |
|
|a вычислительные комплексы
|
| 610 |
1 |
|
|a настраиваемые модели
|
| 610 |
1 |
|
|a микроЭВМ
|
| 610 |
1 |
|
|a измерительная информация
|
| 610 |
1 |
|
|a распознающие алгоритмы
|
| 610 |
1 |
|
|a фреймы
|
| 610 |
1 |
|
|a моделирование
|
| 675 |
|
|
|a 681.324
|v 3
|
| 702 |
|
1 |
|a Башарин
|b А. В.
|4 340
|
| 712 |
0 |
2 |
|a Ленинградский электротехнический институт (ЛЭТИ)
|2 stltpush
|3 (RuTPU)RU\TPU\col\289
|
| 801 |
|
0 |
|a RU
|b RuMRKP
|c 19950704
|g psbo
|
| 801 |
|
1 |
|a RU
|b 63413507
|c 20100520
|
| 801 |
|
2 |
|a RU
|b 63413507
|c 20171222
|g RCR
|
| 942 |
|
|
|c BK
|